| 000 | 00364nam a2200133Ia 4500 | ||
|---|---|---|---|
| 008 | 220204s9999 xx 000 0 und d | ||
| 020 | _a9788131303191 | ||
| 082 |
_a556.18:631S _bKHA |
||
| 100 | _aM.A. | ||
| 245 | 0 | _aWater resources manaagement and sustainable agriculture | |
| 260 |
_aNew Delhi _bAPH Publishing _c2008 |
||
| 650 | _aWater management | ||
| 942 | _cBK | ||
| 999 |
_c42856 _d42856 |
||